000 00452nam a2200157Ia 4500
008 210716s2011 xx 000 0 und d
020 _a9789380298412
041 _aeng
082 _a005.368 AGAB
100 _aAgarwal, B B; Tayal, S P; Gupta, M.
245 _aSoftware engineering and testing: an introduction.
_bAn introduction.
250 _a1
260 _aNew Delhi
_bFirewall media
_c2011
300 _axi,516
650 _aSoftware Engineering
999 _c194224
_d194224